Văn hóa dân gian dân tộc Ta - Ôih, huyện A Lưới, Thừa Thiên Huế

.

Wedi'i Gadw mewn:
Manylion Llyfryddiaeth
Fformat: Llyfr
Iaith:Vietnamese
Cyhoeddwyd: H. Nxb Dân trí 2010
Cyfres:Hội văn nghệ dân gian Việt Nam
Pynciau:
Tagiau: Ychwanegu Tag
Dim Tagiau, Byddwch y cyntaf i dagio'r cofnod hwn!
Thư viện lưu trữ: Mạng thư viện Đại học Đà Nẵng
LEADER 01101nam a2200325 4500
001 000008104
003 4286
005 20111014081023.0
008 111014s2010 viesd
041 0 |a vie 
082 |a 398.20959749  |b Văn 
245 0 |a Văn hóa dân gian dân tộc Ta - Ôih, huyện A Lưới, Thừa Thiên Huế  |c Nguyễn Thi Sửu - Trần Hoàng 
260 |a H.  |b Nxb Dân trí  |c 2010 
300 |a 324tr  |c 21cm 
490 |a Hội văn nghệ dân gian Việt Nam 
500 |a Hội văn nghệ dân gian Việt Nam 
520 |a . 
653 |a Văn hóa 
653 |a Dân gian 
653 |a Ta - Ôih 
OWN |a LSP 
AVA |a UDN50  |b LSP  |d 398.20959749 Văn  |e available  |t Error 5001 Not defined in file expand_doc_bib_avail.  |f 1  |g 0  |h N  |i 0  |k 1 
999 |a From the UDN01 
AVA |a UDN50  |b LSP  |d 398.20959749 Văn  |e available  |t Error 5001 Not defined in file expand_doc_bib_avail.  |f 1  |g 0  |h N  |i 0  |k 1 
TYP |a Monograph 
TYP |a Printed language 
980 |a Mạng thư viện Đại học Đà Nẵng